პრეზიდენტ ზვიად გამსახურდიას ხელისუფლების დამხობა : (ბიბ.ჩანაწერი № 57573)
[ მარტივი ფორმატი ]
| 000 -ლიდერი | |
|---|---|
| ფიქსირებული სიგრძის საკონტროლო ველი | 02238nam a22002897a 4500 |
| 003 - საკონტროლო ნომრის იდენტიფიკატორი | |
| საკონტროლო ველი | Ge_BSU |
| 005 - ბოლო ოპერაციის თარიღი და დრო | |
| საკონტროლო ველი | 20200806112348.0 |
| 008 - ფიქსირებული სიგრძის მონაცემთა ელემენტები - ზოგადი ინფორმაცია | |
| ფიქსირებული სიგრძის საკონტროლო ველი | 200806s2018 ge ||||| |||| 00| 0 geo d |
| 020 ## - წიგნის საერთაშორისო სტანდარტული ნომერი | |
| International Standard Book Number | 9789941805134 |
| 041 ## - ენის კოდი | |
| Language code of text/sound track or separate title | geo |
| 080 ## - უნივერსალური ათობითი კლასიფიკაციის ინდექსი | |
| Universal Decimal Classification number | 94(479.22)"1991.12-1992.01" ც-83 |
| 100 ## - მთავარი ჩანაწერი - პიროვნების სახელი | |
| Personal name | ცომაია, ლეილა. |
| 9 (RLIN) | 9109 |
| 245 ## - ცნობა სათაურის შესახებ | |
| Title | პრეზიდენტ ზვიად გამსახურდიას ხელისუფლების დამხობა : |
| Remainder of title | [მონოგრაფია] / |
| Statement of responsibility, etc | ლეილა ცომაია ; რედაქტორი ბეჟან ჯავახია ; გარეკანის დიზაინერები: გიორგი გელაშვილი, თამარ ლომთაძე. |
| 264 ## - წარმოების, გამოცემის, დისტრიბუციის და სხვა ცნობები | |
| გამოცემის, წარმოების, დისტრიბუციის... ადგილი | თბილისი : |
| გამოცემის, წარმოების, დისტრიბუციის... სახელწოდება | ინტელექტი, |
| გამოცემის, წარმოების, დისტრიბუციის... თარიღი | 2018. |
| 300 ## - ფიზიკური აღწერა | |
| Extent | 932 გვ. : |
| Other physical details | ფოტ. ; |
| Dimensions | 25 სმ. |
| 500 ## - ზოგადი შენიშვნა | |
| General note | წიგნი გამოიცა და დაისტამბა უცხოეთში მცხოვრები ქართველი ემიგრანტებისა და საქართველოს მოქალაქე მამულიშვილთა შემოწირულობებით გარეკანზე ავტორი აღნიშნული არ არის. |
| 504 ## - BIBLIOGRAPHY, ETC. NOTE | |
| Bibliography, etc | ბიბლიოგრ.: გვ. 921-929. |
| 546 ## - LANGUAGE NOTE | |
| Language note | ანოტაცია ქართ. და ინგლ. ენებზე. |
| 653 ## - INDEX TERM--UNCONTROLLED | |
| Uncontrolled term | გამსახურდია, ზვიად, 1939-1993. |
| 653 ## - INDEX TERM--UNCONTROLLED | |
| Uncontrolled term | სამოქალაქო ომი საქართველოში. |
| 653 ## - INDEX TERM--UNCONTROLLED | |
| Uncontrolled term | 1991 წლის 22 დეკემბერი -- სამხედრო გადატრიალება საქართველოში -- თბილისის ომი. |
| 653 ## - INDEX TERM--UNCONTROLLED | |
| Uncontrolled term | ისტორია |
| 700 ## - ADDED ENTRY--PERSONAL NAME | |
| Personal name | ჯავახია, ბეჟან |
| Relator term | რედაქტორი |
| 9 (RLIN) | 9110 |
| 700 ## - ADDED ENTRY--PERSONAL NAME | |
| Personal name | გელაშვილი, გიორგი |
| Relator term | დიზაინერი. |
| 9 (RLIN) | 5742 |
| 700 ## - ADDED ENTRY--PERSONAL NAME | |
| Personal name | ლომთაძე, თამარ |
| Relator term | დიზაინერი. |
| 9 (RLIN) | 9111 |
| 942 ## - ADDED ENTRY ELEMENTS (KOHA) | |
| Source of classification or shelving scheme | |
| Koha item type | წიგნი |
| ჩამოწერის სტატუსი | დაკარგული ეგზემპლარის სტატუსი | კლასიფიკაციის წყარო ან თაროზე გაწყობის სქემა | დაზიანების სტატუსი | არ გაიცემა | მუდმივი მდებარეობა (დაცვის ადგილი) | ამჟამინდელი ადგილსამყოფელი | თაროზე განთავსების ადგილი | შეძენის თარიღი | ღირებულება, შესყიდვის ნორმალური ფასი | სრული შენახვის შიფრი | შტრიხკოდი | ბოლო ოპერაციის თარიღი | ეგზემპლარის მიმდევრობითი ნომერი (კეტერი?) | ფასის ძალაში შესვლის თარიღი | ეგზემპლარის სახეობა | საჯარო შენიშვნა |
|---|---|---|---|---|---|---|---|---|---|---|---|---|---|---|---|---|
| ბათუმის შოთა რუსთაველის სახელმწიფო უნივერსიტეტის მთავარი ბიბლიოთეკა | ბათუმის შოთა რუსთაველის სახელმწიფო უნივერსიტეტის მთავარი ბიბლიოთეკა | წიგნსაცავი | 2020-08-06 | 20.00 | 94(479.22) | 60769 | 2020-08-06 | 60769 | 2020-08-06 | წიგნი | 20 ლ. |
